Statistics for The Vampire Diaries

Click here to take the quiz!

General Stats

  • This quiz has been taken 2,686 times
    (2,675 since last reset)
  • The average score is 13 of 18

Answer Stats

HintAnswer% Correct
The 'Rippah'Stefan Salvatore
94%
The Hot Older BrotherDamon Salvatore
93%
The Newest Petrova DopplegangerElena Gilbert
88%
The Brother Who Becomes A HunterJeremy Gilbert
88%
The Other Vampire BarbieCaroline Forbes
85%
The Other HybridTyler Lockwood
80%
The Classy Original BrotherElijah Mikaelson
79%
The Original Vampire BarbieRebekah Mikaelson
79%
The Doppleganger From 1864Katherine Pierce
77%
The Anchor To The Other SideBonnie Bennett
76%
The Pregnant WerewolfHayley
76%
The Original HybridNiklaus Mikaelson
74%
The Augistine Cell MateEnzo
73%
The Blue-Eyed BartenderMatt Donovan
64%
Our Favorite Deceased OriginalKol Mikaelson
60%
The Original WitchEsther Mikaelson
55%
The Vampire Who Hunts VampiresMikael Mikaelson
52%
The Dopplegangers DaughterNadia Petrova
52%

Score Distribution

Percentile by Number Answered

Percent of People with Each Score

Your Score History

You have not taken this quiz since the last reset